000 00502nam a2200169 a 4500
001 000022753
005 20200930021757.0
008 101117s1973 ec r 000 | spa d
040 _aDO-SdBNP
_bspa
_cBNPHU
082 _axxx
_bT315p
100 1 _aTerán, Francisco
_946752
245 1 0 _aPáginas de historia y geografía /
_cFrancisco Terán.
260 _aQuito :
_bCasa de la Cultura Ecuatoriana,
_c1973.
300 _a235 p. ;
_c21 cm.
500 _aIncluye notas al pie de páginas
049 _aBNGR
999 _c22250
_d22250